Schnelle Mathematik - Multiplikation Level 16 - Statistiken

Allgemein
  • Dieses Quiz wurde 137 mal gespielt
    104 seit der letzten Aktualisierung
  • Das Durchschnittsergebnis liegt bei 17 aus 20
Antwortstatistiken
Frage Antwort % Korrekt
1⋅1 1
100%
1⋅10 10
100%
2⋅5 10
100%
5⋅20 100
100%
10⋅10 100
100%
25⋅4 100
100%
6⋅17 102
100%
7⋅15 105
100%
21⋅5 105
100%
6⋅18 108
100%
11⋅10 110
100%
7⋅16 112
100%
8⋅14 112
100%
16⋅7 112
100%
6⋅19 114
100%
23⋅5 115
100%
9⋅13 117
100%
1⋅12 12
100%
2⋅6 12
100%
4⋅3 12
100%
6⋅2 12
100%
12⋅1 12
100%
6⋅20 120
100%
10⋅12 120
100%
12⋅10 120
100%
15⋅8 120
100%
20⋅6 120
100%
24⋅5 120
100%
11⋅11 121
100%
25⋅5 125
100%
7⋅18 126
100%
9⋅14 126
100%
14⋅9 126
100%
8⋅16 128
100%
1⋅13 13
100%
6⋅22 132
100%
11⋅12 132
100%
22⋅6 132
100%
9⋅15 135
100%
15⋅9 135
100%
8⋅17 136
100%
17⋅8 136
100%
6⋅23 138
100%
7⋅2 14
100%
14⋅1 14
100%
14⋅10 140
100%
13⋅11 143
100%
6⋅24 144
100%
12⋅12 144
100%
16⋅9 144
100%
21⋅7 147
100%
1⋅15 15
100%
3⋅5 15
100%
5⋅3 15
100%
15⋅1 15
100%
10⋅15 150
100%
15⋅10 150
100%
25⋅6 150
100%
8⋅19 152
100%
19⋅8 152
100%
9⋅17 153
100%
17⋅9 153
100%
7⋅22 154
100%
14⋅11 154
100%
22⋅7 154
100%
13⋅12 156
100%
1⋅16 16
100%
2⋅8 16
100%
8⋅2 16
100%
16⋅1 16
100%
8⋅20 160
100%
10⋅16 160
100%
9⋅18 162
100%
8⋅21 168
100%
12⋅14 168
100%
21⋅8 168
100%
13⋅13 169
100%
1⋅17 17
100%
17⋅1 17
100%
10⋅17 170
100%
17⋅10 170
100%
19⋅9 171
100%
22⋅8 176
100%
2⋅9 18
100%
9⋅2 18
100%
18⋅1 18
100%
9⋅20 180
100%
10⋅18 180
100%
12⋅15 180
100%
13⋅14 182
100%
8⋅23 184
100%
17⋅11 187
100%
21⋅9 189
100%
19⋅10 190
100%
8⋅24 192
100%
15⋅13 195
100%
14⋅14 196
100%
2⋅1 2
100%
10⋅20 200
100%
25⋅8 200
100%
17⋅12 204
100%
23⋅9 207
100%
11⋅19 209
100%
19⋅11 209
100%
3⋅7 21
100%
7⋅3 21
100%
10⋅21 210
100%
14⋅15 210
100%
21⋅10 210
100%
18⋅12 216
100%
24⋅9 216
100%
1⋅22 22
100%
2⋅11 22
100%
11⋅2 22
100%
22⋅1 22
100%
20⋅11 220
100%
19⋅12 228
100%
1⋅23 23
100%
23⋅10 230
100%
11⋅21 231
100%
21⋅11 231
100%
2⋅12 24
100%
12⋅2 24
100%
16⋅15 240
100%
11⋅22 242
100%
19⋅13 247
100%
25⋅1 25
100%
12⋅21 252
100%
21⋅12 252
100%
11⋅23 253
100%
23⋅11 253
100%
15⋅17 255
100%
17⋅15 255
100%
16⋅16 256
100%
2⋅13 26
100%
20⋅13 260
100%
11⋅24 264
100%
12⋅22 264
100%
9⋅3 27
100%
18⋅15 270
100%
21⋅13 273
100%
25⋅11 275
100%
12⋅23 276
100%
23⋅12 276
100%
4⋅7 28
100%
7⋅4 28
100%
14⋅2 28
100%
20⋅14 280
100%
15⋅19 285
100%
19⋅15 285
100%
12⋅24 288
100%
18⋅16 288
100%
14⋅21 294
100%
21⋅14 294
100%
3⋅1 3
100%
10⋅3 30
100%
12⋅25 300
100%
15⋅20 300
100%
16⋅19 304
100%
18⋅17 306
100%
21⋅15 315
100%
2⋅16 32
100%
4⋅8 32
100%
16⋅2 32
100%
16⋅20 320
100%
13⋅25 325
100%
11⋅3 33
100%
22⋅15 330
100%
21⋅16 336
100%
2⋅17 34
100%
17⋅2 34
100%
20⋅17 340
100%
17⋅21 357
100%
6⋅6 36
100%
12⋅3 36
100%
18⋅2 36
100%
15⋅24 360
100%
18⋅20 360
100%
20⋅18 360
100%
15⋅25 375
100%
25⋅15 375
100%
18⋅21 378
100%
20⋅19 380
100%
13⋅3 39
100%
23⋅17 391
100%
18⋅22 396
100%
22⋅18 396
100%
4⋅1 4
100%
4⋅10 40
100%
20⋅2 40
100%
25⋅16 400
100%
24⋅17 408
100%
18⋅23 414
100%
2⋅21 42
100%
3⋅14 42
100%
14⋅3 42
100%
21⋅2 42
100%
21⋅20 420
100%
17⋅25 425
100%
18⋅24 432
100%
19⋅23 437
100%
23⋅19 437
100%
2⋅22 44
100%
4⋅11 44
100%
11⋅4 44
100%
22⋅2 44
100%
20⋅22 440
100%
22⋅20 440
100%
21⋅21 441
100%
3⋅15 45
100%
5⋅9 45
100%
15⋅3 45
100%
21⋅22 462
100%
19⋅25 475
100%
2⋅24 48
100%
4⋅12 48
100%
12⋅4 48
100%
16⋅3 48
100%
24⋅2 48
100%
21⋅23 483
100%
7⋅7 49
100%
1⋅5 5
100%
5⋅1 5
100%
2⋅25 50
100%
5⋅10 50
100%
25⋅20 500
100%
24⋅21 504
100%
3⋅17 51
100%
17⋅3 51
100%
4⋅13 52
100%
25⋅21 525
100%
6⋅9 54
100%
18⋅3 54
100%
5⋅11 55
100%
22⋅25 550
100%
7⋅8 56
100%
14⋅4 56
100%
3⋅19 57
100%
25⋅23 575
100%
24⋅24 576
100%
1⋅6 6
100%
2⋅3 6
100%
3⋅2 6
100%
3⋅20 60
100%
4⋅15 60
100%
5⋅12 60
100%
20⋅3 60
100%
3⋅21 63
100%
7⋅9 63
100%
21⋅3 63
100%
4⋅16 64
100%
6⋅11 66
100%
11⋅6 66
100%
3⋅23 69
100%
23⋅3 69
100%
1⋅7 7
100%
7⋅10 70
100%
10⋅7 70
100%
14⋅5 70
100%
6⋅12 72
100%
8⋅9 72
100%
18⋅4 72
100%
3⋅25 75
100%
15⋅5 75
100%
4⋅19 76
100%
19⋅4 76
100%
7⋅11 77
100%
11⋅7 77
100%
6⋅13 78
100%
2⋅4 8
100%
8⋅1 8
100%
5⋅16 80
100%
8⋅10 80
100%
16⋅5 80
100%
20⋅4 80
100%
9⋅9 81
100%
4⋅21 84
100%
7⋅12 84
100%
12⋅7 84
100%
14⋅6 84
100%
21⋅4 84
100%
4⋅22 88
100%
8⋅11 88
100%
11⋅8 88
100%
3⋅3 9
100%
9⋅1 9
100%
5⋅18 90
100%
6⋅15 90
100%
9⋅10 90
100%
15⋅6 90
100%
18⋅5 90
100%
7⋅13 91
100%
4⋅23 92
100%
19⋅5 95
100%
6⋅16 96
100%
8⋅12 96
100%
12⋅8 96
100%
16⋅6 96
100%
24⋅4 96
100%
9⋅11 99
100%
1⋅24 24
67%
13⋅19 247
67%
20⋅16 320
67%
1⋅4 4
67%
13⋅7 91
67%
7⋅17 119
50%
20⋅7 140
50%
12⋅13 156
50%
4⋅4 16
50%
8⋅22 176
50%
12⋅16 192
50%
8⋅25 200
50%
13⋅17 221
50%
14⋅17 238
50%
5⋅5 25
50%
13⋅21 273
50%
11⋅25 275
50%
23⋅13 299
50%
24⋅14 336
50%
19⋅18 342
50%
17⋅22 374
50%
22⋅17 374
50%
20⋅25 500
50%
3⋅22 66
50%
4⋅18 72
50%
24⋅13 312
33%
18⋅25 450
33%
5⋅2 10
0%
10⋅1 10
0%
4⋅25 100
0%
20⋅5 100
0%
17⋅6 102
0%
8⋅13 104
0%
13⋅8 104
0%
5⋅21 105
0%
15⋅7 105
0%
9⋅12 108
0%
12⋅9 108
0%
18⋅6 108
0%
1⋅11 11
0%
11⋅1 11
0%
5⋅22 110
0%
10⋅11 110
0%
22⋅5 110
0%
14⋅8 112
0%
19⋅6 114
0%
5⋅23 115
0%
13⋅9 117
0%
17⋅7 119
0%
3⋅4 12
0%
5⋅24 120
0%
8⋅15 120
0%
5⋅25 125
0%
6⋅21 126
0%
18⋅7 126
0%
21⋅6 126
0%
16⋅8 128
0%
13⋅1 13
0%
10⋅13 130
0%
13⋅10 130
0%
12⋅11 132
0%
7⋅19 133
0%
19⋅7 133
0%
23⋅6 138
0%
1⋅14 14
0%
2⋅7 14
0%
7⋅20 140
0%
10⋅14 140
0%
11⋅13 143
0%
8⋅18 144
0%
9⋅16 144
0%
18⋅8 144
0%
24⋅6 144
0%
7⋅21 147
0%
6⋅25 150
0%
11⋅14 154
0%
16⋅10 160
0%
20⋅8 160
0%
7⋅23 161
0%
23⋅7 161
0%
18⋅9 162
0%
11⋅15 165
0%
15⋅11 165
0%
7⋅24 168
0%
14⋅12 168
0%
24⋅7 168
0%
9⋅19 171
0%
7⋅25 175
0%
25⋅7 175
0%
11⋅16 176
0%
16⋅11 176
0%
1⋅18 18
0%
3⋅6 18
0%
6⋅3 18
0%
15⋅12 180
0%
18⋅10 180
0%
20⋅9 180
0%
14⋅13 182
0%
23⋅8 184
0%
11⋅17 187
0%
9⋅21 189
0%
1⋅19 19
0%
19⋅1 19
0%
10⋅19 190
0%
16⋅12 192
0%
24⋅8 192
0%
13⋅15 195
0%
9⋅22 198
0%
11⋅18 198
0%
18⋅11 198
0%
22⋅9 198
0%
1⋅2 2
0%
1⋅20 20
0%
2⋅10 20
0%
4⋅5 20
0%
5⋅4 20
0%
10⋅2 20
0%
20⋅1 20
0%
20⋅10 200
0%
12⋅17 204
0%
9⋅23 207
0%
13⋅16 208
0%
16⋅13 208
0%
1⋅21 21
0%
21⋅1 21
0%
15⋅14 210
0%
9⋅24 216
0%
12⋅18 216
0%
10⋅22 220
0%
11⋅20 220
0%
22⋅10 220
0%
17⋅13 221
0%
14⋅16 224
0%
16⋅14 224
0%
9⋅25 225
0%
15⋅15 225
0%
25⋅9 225
0%
12⋅19 228
0%
23⋅1 23
0%
10⋅23 230
0%
13⋅18 234
0%
18⋅13 234
0%
17⋅14 238
0%
3⋅8 24
0%
4⋅6 24
0%
6⋅4 24
0%
8⋅3 24
0%
24⋅1 24
0%
10⋅24 240
0%
12⋅20 240
0%
15⋅16 240
0%
20⋅12 240
0%
24⋅10 240
0%
22⋅11 242
0%
1⋅25 25
0%
10⋅25 250
0%
25⋅10 250
0%
14⋅18 252
0%
18⋅14 252
0%
13⋅2 26
0%
13⋅20 260
0%
22⋅12 264
0%
24⋅11 264
0%
14⋅19 266
0%
19⋅14 266
0%
3⋅9 27
0%
15⋅18 270
0%
16⋅17 272
0%
17⋅16 272
0%
2⋅14 28
0%
14⋅20 280
0%
13⋅22 286
0%
22⋅13 286
0%
16⋅18 288
0%
24⋅12 288
0%
17⋅17 289
0%
13⋅23 299
0%
1⋅3 3
0%
2⋅15 30
0%
3⋅10 30
0%
5⋅6 30
0%
6⋅5 30
0%
15⋅2 30
0%
20⋅15 300
0%
25⋅12 300
0%
19⋅16 304
0%
17⋅18 306
0%
14⋅22 308
0%
22⋅14 308
0%
13⋅24 312
0%
15⋅21 315
0%
8⋅4 32
0%
14⋅23 322
0%
23⋅14 322
0%
17⋅19 323
0%
19⋅17 323
0%
18⋅18 324
0%
25⋅13 325
0%
3⋅11 33
0%
15⋅22 330
0%
14⋅24 336
0%
16⋅21 336
0%
17⋅20 340
0%
18⋅19 342
0%
15⋅23 345
0%
23⋅15 345
0%
5⋅7 35
0%
7⋅5 35
0%
14⋅25 350
0%
25⋅14 350
0%
16⋅22 352
0%
22⋅16 352
0%
21⋅17 357
0%
2⋅18 36
0%
3⋅12 36
0%
4⋅9 36
0%
9⋅4 36
0%
24⋅15 360
0%
19⋅19 361
0%
16⋅23 368
0%
23⋅16 368
0%
21⋅18 378
0%
2⋅19 38
0%
19⋅2 38
0%
19⋅20 380
0%
16⋅24 384
0%
24⋅16 384
0%
3⋅13 39
0%
17⋅23 391
0%
19⋅21 399
0%
21⋅19 399
0%
2⋅2 4
0%
2⋅20 40
0%
5⋅8 40
0%
8⋅5 40
0%
10⋅4 40
0%
16⋅25 400
0%
20⋅20 400
0%
17⋅24 408
0%
23⋅18 414
0%
19⋅22 418
0%
22⋅19 418
0%
6⋅7 42
0%
7⋅6 42
0%
20⋅21 420
0%
25⋅17 425
0%
24⋅18 432
0%
9⋅5 45
0%
25⋅18 450
0%
19⋅24 456
0%
24⋅19 456
0%
2⋅23 46
0%
23⋅2 46
0%
20⋅23 460
0%
23⋅20 460
0%
22⋅21 462
0%
25⋅19 475
0%
3⋅16 48
0%
6⋅8 48
0%
8⋅6 48
0%
20⋅24 480
0%
24⋅20 480
0%
23⋅21 483
0%
22⋅22 484
0%
10⋅5 50
0%
25⋅2 50
0%
21⋅24 504
0%
22⋅23 506
0%
23⋅22 506
0%
13⋅4 52
0%
21⋅25 525
0%
22⋅24 528
0%
24⋅22 528
0%
23⋅23 529
0%
3⋅18 54
0%
9⋅6 54
0%
11⋅5 55
0%
25⋅22 550
0%
23⋅24 552
0%
24⋅23 552
0%
4⋅14 56
0%
8⋅7 56
0%
19⋅3 57
0%
23⋅25 575
0%
6⋅1 6
0%
6⋅10 60
0%
10⋅6 60
0%
12⋅5 60
0%
15⋅4 60
0%
24⋅25 600
0%
25⋅24 600
0%
25⋅25 625
0%
9⋅7 63
0%
8⋅8 64
0%
16⋅4 64
0%
5⋅13 65
0%
13⋅5 65
0%
22⋅3 66
0%
4⋅17 68
0%
17⋅4 68
0%
7⋅1 7
0%
5⋅14 70
0%
3⋅24 72
0%
9⋅8 72
0%
12⋅6 72
0%
24⋅3 72
0%
5⋅15 75
0%
25⋅3 75
0%
13⋅6 78
0%
1⋅8 8
0%
4⋅2 8
0%
4⋅20 80
0%
10⋅8 80
0%
6⋅14 84
0%
5⋅17 85
0%
17⋅5 85
0%
22⋅4 88
0%
1⋅9 9
0%
10⋅9 90
0%
23⋅4 92
0%
5⋅19 95
0%
4⋅24 96
0%
7⋅14 98
0%
14⋅7 98
0%
11⋅9 99
0%
Keine übereinstimmenden Quizze gefunden
Verteilung der Resultate
Anzahl Personen mit jedem Resultat
Perzentil nach korrekt beantworteten Fragen
Ihre Resultats-Entwicklung
Sie haben dieses Quiz seit der letzten Aktualisierung nicht gespielt